00286nam a2200109Ia 4500008004100000041000800041100002000049245003200069260003500101300000900136700003100145250110s9999 xx 000 0 und d aeng aPhale Snehalata aConvention Center At Nagpur bFinal Year B. Arch, BNCAc2012 a100p aGuide Name:Athavale Suresh